[Event "Puspokladany Arnoth Memorial-B 16th"]
[Site "Puspokladany"]
[Date "2023.07.26"]
[Round "1"]
[White "Hajdu, Istvan"]
[Black "Szabo, Vince David"]
[Result "0-1"]
[WhiteElo "1783"]
[BlackElo "1412"]
[PlyCount "128"]
[EventDate "2023.07.26"]
[EventType "swiss"]
[EventRounds "9"]
[EventCountry "HUN"]
[SourceTitle "EXT 2025"]
[Source "ChessBase"]
[SourceDate "2024.10.14"]
[SourceVersion "1"]
[SourceVersionDate "2024.10.14"]
[SourceQuality "1"]

1. e4 e5 2. Nf3 Nf6 3. Nxe5 d6 4. Nf3 Nxe4 5. d3 Nf6 6. d4 d5 7. Bd3 Nc6 8. h3 h6 9. Bf4 Bd6 10. Bxd6 Qxd6 11. c3 0-0 12. 0-0 Be6 13. Nbd2 b6 14. Re1 Nd7 15. Qa4 Ne7 16. Qc2 c5 17. b3 Rac8 18. Rac1 Rc7 19. Qb2 Qf4 20. c4 Qf6 21. Ne5 Nc6 22. Nxc6 Rxc6 23. cxd5 Bxd5 24. Be4 Rd6 25. Qa3 a5 26. dxc5 Nxc5 27. Rxc5 bxc5 28. Qxc5 Rfd8 29. Qxa5 Qd4 30. Nf3 Qb2 31. Rb1 Qf6 32. Bxd5 Rxd5 33. Qe1 Qg6 34. Kh2 Qc2 35. a4 Rd3 36. a5 Rxb3 37. Rc1 Qf5 38. a6 Ra3 39. Ra1 Rxa1 40. Qxa1 Qf4+ 41. Kh1 Rc8 42. Qa2 Qc1+ 43. Ng1 Qc5 44. Nf3 Ra8 45. Kh2 Qb6 46. Ne5 Qe6 47. Qxe6 fxe6 48. f4 Rxa6 49. Kg3 Kf8 50. Kh4 Ke7 51. Nf3 Kf6 52. g4 Ra3 53. Kg3 g5 54. fxg5+ hxg5 55. Kf2 e5 56. Kg2 e4 57. Ng1 Ke5 58. Kf2 Ra2+ 59. Ne2 Rxe2+ 60. Kxe2 Kf4 61. Kf2 e3+ 62. Ke1 Kf3 63. Kf1 e2+ 64. Ke1 Ke3 0-1

[Event "HUN-ch U10"]
[Site "Tapolca"]
[Date "2020.08.18"]
[Round "5"]
[White "Szuhorukov, Marcell"]
[Black "Szabo, Vince David"]
[Result "1/2-1/2"]
[WhiteElo "1452"]
[BlackElo "1414"]
[PlyCount "82"]
[EventDate "2020.08.15"]
[EventType "swiss"]
[EventRounds "7"]
[EventCountry "HUN"]
[SourceTitle "EXT 2023"]
[Source "ChessBase"]
[SourceDate "2022.10.05"]
[SourceVersion "1"]
[SourceVersionDate "2022.10.05"]
[SourceQuality "1"]
[WhiteTeam "Hungary"]
[BlackTeam "Hungary"]
[WhiteTeamCountry "HUN"]
[BlackTeamCountry "HUN"]

1. e4 e5 2. Nf3 Nf6 3. Nc3 Nc6 4. h3 Bc5 5. Nxe5 Nxe5 6. d4 Bxd4 7. Qxd4 Nc6 8. Qd3 h6 9. Be3 d6 10. 0-0-0 Be6 11. f4 a6 12. g4 Qe7 13. Kb1 0-0-0 14. Bg2 Rhe8 15. Rhe1 Kb8 16. Qe2 Na5 17. Bd4 Nc6 18. Bxf6 Qxf6 19. e5 Qxf4 20. Bxc6 bxc6 21. Qxa6 Qc4 22. Qa5 Kb7 23. Re4 Ra8 24. Rxc4 Rxa5 25. Rb4+ Kc8 26. exd6 cxd6 27. Rxd6 Bd5 28. b3 Kc7 29. Rxd5 cxd5 30. Rd4 Kd6 31. b4 Rb8 32. Kc1 Ra3 33. Kd2 Rc8 34. Nb5+ Ke5 35. Rxd5+ Kxd5 36. Nxa3 Ra8 37. Nb1 Rd8 38. c3 Ra8 39. a3 Kc4 40. Kc2 Re8 41. Nd2+ Kb5 1/2-1/2